banner koha

Brasil: 5. relatório nacional para a convenção sobre diversidade biológica (Registro n. 86575)

MARC details
000 -LÍDER
Campo de controle fixo 01189nam a22003737a 4500
001 - NÚMERO DE CONTROLE
Número de controle BR2023001982
003 - CÓDIGO MARC DA AGÊNCIA CATALOGADORA
Campo de controle BR-BrBNA
005 - DATA E HORA DA ÚLTIMA ATUALIZAÇÃO
Campo de controle 20231025114141.0
008 - CAMPO DE TAMANHO FIXO
Campo fixo de controle 231025b bl.||||| |||| 00| 0 por d
020 ## - ISBN - INTERNATIONAL STANDARD BOOK NUMBER
ISBN 978-85-7738-268-2
040 ## - FONTE DA CATALOGAÇÃO
Agência catalogadora BR-BrBNA
Idioma da catalogação por
041 ## - CÓDIGO DO IDIOMA
Código do Idioma por
072 ## - CATEGORIA AGRIS
Código da categoria de assunto/objeto <a href="P01 ; F40 ; L20">P01 ; F40 ; L20</a>
090 ## - NÚMERO DE CHAMADA
Localização na estante P01 BR2023001982
100 ## - ENTRADA PRINCIPAL - NOME PESSOAL
Nome pessoal Scaramuzza, Carlos Alberto Mattos (ed.)
110 1# - ENTRADA PRINCIPAL - ENTIDADE
9 (RLIN) 7131
Nome da entidade ou lugar Ministério do Meio Ambiente, Brasília, DF (Brasil). Secretaria de Biodiversidade e Florestas
245 ## - TÍTULO PRINCIPAL
Título principal Brasil: 5. relatório nacional para a convenção sobre diversidade biológica
Subtítulo Série Biodiversidade 50
260 ## - IMPRENTA (PUBLICAÇÃO, DISTRIBUIÇÃO, ETC.)
Lugar de publicação, distribuição, etc. Brasília, DF (Brasil)
Data de publicação, distribuição, etc 2016
300 ## - DESCRIÇÃO FÍSICA
Extensão 240 p.
500 ## - NOTA GERAL
Notas gerais Bibliography p. 232-240 (190 ref.); Summary (por); 74 illus.; 45 tables
650 ## - ASSUNTO - THESAGRO
Cabeçalho tópico ou nome geográfico BIOLOGIA
650 ## - ASSUNTO - THESAGRO
Cabeçalho tópico ou nome geográfico ECOLOGIA
650 ## - ASSUNTO - THESAGRO
Cabeçalho tópico ou nome geográfico PRESERVAÇÃO DA NATUREZA
650 ## - ASSUNTO - THESAGRO
Cabeçalho tópico ou nome geográfico PROTEÇÃO AMBIENTAL
650 ## - ASSUNTO - THESAGRO
Cabeçalho tópico ou nome geográfico DESENVOLVIMENTO SUSTENTÁVEL
650 ## - ASSUNTO - THESAGRO
Cabeçalho tópico ou nome geográfico ECOSSISTEMA
650 ## - ASSUNTO - THESAGRO
Cabeçalho tópico ou nome geográfico BIODIVERSIDADE
650 ## - ASSUNTO - THESAGRO
Cabeçalho tópico ou nome geográfico DESMATAMENTO
650 ## - ASSUNTO - THESAGRO
Cabeçalho tópico ou nome geográfico POLUIÇÃO
650 ## - ASSUNTO - THESAGRO
Cabeçalho tópico ou nome geográfico LEGISLAÇÃO
650 ## - ASSUNTO - THESAGRO
Cabeçalho tópico ou nome geográfico POLÍTICAS PÚBLICAS
909 ## - IDENTIFICAÇÃO DO CATALOGADOR
Ano e mês da catalogação (aaaamm) 202310
Identificação do catalogador Fernando
942 ## - TIPO ESPECÍFICO
Tipo de material Livros
952 ## - LOCATION AND ITEM INFORMATION (KOHA)
-- 2023-10-25
Exemplares
Status de empréstimo Fonte de classificação Status de danificação Não pode ser emprestado Código da coleção Localização permanente Localização atual Localização na estante Total Checkouts Número de chamada Código de barras Tipo de material
  Classificação AGRIS     Agrobase Biblioteca Nacional de Agricultura - Binagri Biblioteca Nacional de Agricultura - Binagri Agrobase - Acervo Geral   P01 BR2023001982 2023-436595 Livros

BINAGRI

Telefone: (61)3218-2567/2388/3357/2097 - binagri@agro.gov.br

Ministério da Agricultura e Pecuária , Esplanada dos Ministérios, Bloco D, Anexo B, Brasília/DF, CEP: 70.043-900